000 00241 a2200073 4500
245 0 _aWymagania techniczno-eksploatacyjne na budowę anten zbiorowych /
_c.
710 2 _aInstytut Łączności..
_eWydawca
_4pbl
260 _aGdańsk :
_bIŁ,
_c1972.
300 _a14 s.;
_c34 cm.
999 _c17123
_d17123